Datum a čas kvízu
28
Celkem bodů
Celkový počet nahraných bodů na tomto kvízu bez doplňovacích otázek.
7.
Pořadí na kvízu
Konečné umístění týmu na tomto kvízu.
Zaznamenané odpovědi
| # | Otázka | Odpověď | Body | Výsledky |
|---|---|---|---|---|
| 1. | Andrej Babiš se při své návště... | 0 | ||
| 2. | Orbánova vláda minulý týden za... | 1 | ||
| 3. | Jak se jmenuje první osobnost,... | 1 | ||
| 4. | Nový nástupce kompaktní třídy... | 1 | ||
| 5. | Málo vídaného výsledku 6:0 dos... | 1 | ||
| 6. | V hlasování na facebooku poraz... | 0 | ||
| 7. | Hrabalova matka pracovala jako... | 0 | ||
| 8. | Novela Taneční hodiny pro star... | 1 | ||
| 9. | Kterým slovem, pro Hrabala typ... | 1 | ||
| 10. | Celkem kolik osob cestuje dopr... | 1 |